000 00941nam a2200205 i 4500
001 115806
003 ES-MaACL
005 20231230062955.0
007 t|
008 070517q1916 sp |||| |aspa d
080 _a821.134.2-94"19"
100 1 _aRuiz Contreras, Luis,
_d1863-1953
_9100711
245 1 0 _aMemorias de un desmemoriado /
_cpor Luis Ruiz Contreras.
260 _aMadrid :
_b[s.n,
_c1916?] (
_fA. Marzo)
300 _a2 v. (144, 222 p.) ;
_c19 cm.
500 _aPrólogo del v. 1 fechado en noviembre de 1916.
505 8 _aContiene: 1. Fragmentos. Tres moradas (Menéndez Pelayo, Galdós, Pereda). Divagaciones. Consejos vanos. Reminiscencias familiares - 2. El crítico y su crítico. Una dedicatoria impertinente. Quién era Palmerín de Oliva. El arte de novelar. La nueva literatura
852 _aES-MaACL
_jA-4075-76
_z. - Dedicatoria autógr. del autor a Bernardo G. de Candamo
999 _c115806
_d115806